000 01075nas a2200373 4500
001 BR0403744
003 BR-BrBNA
005 20231205104722.0
007 ta
008 230509b bl.|||p| |||| 00| 00por d
040 _aBR-BrBNA
_bpor
_cBiblioteca Nacional de Agricultura
041 _a(Pt)
072 _aL51
100 1 _aPinto, R.
100 1 _aDonzele, J.L.
100 1 _aFerreira, A.S.
100 1 _aAlbino, L.F.T.
100 1 _aSoares, R. da T.R.N.
100 1 _aSilva, M. de A. e
100 1 _aPereira, T.A.
245 1 _aExigência de metionina mais cistina para codornas japonesas em postura
650 _aCODORNA
650 _aMETIONINA
650 _aCISTINA
650 _aPOSTURA
650 _aVALOR NUTRITIVO
650 _aPROTEÍNA BRUTA
650 _aRAÇÃO BALANCEADA
650 _aEXIGÊNCIA NUTRICIONAL
650 _aDIGESTIBILIDADE
773 0 _tRevista Brasileira de Zootecnia (Brazil)
_xISSN 1516-3598
_g(Sep-Oct 2003), v. 32(5) p. 1168-1173
_wBR0403744
909 _a202311
_bLúcia
_c55
_dLúcia Elande
942 _2AGRIS
_n0
_cANA
999 _c179412
_d179412